NCAA College Teams by State: Maryland - Statistics

General Stats
  • This quiz has been taken 65 times
    60 since last reset
  • The average score is 9 of 20
Answer Stats
% Correct
Division I-A Maryland Terrapins
100%
Division I-A Navy Midshipmen
91%
Division I-AA UMBC Retrievers
74%
Division I-AA Towson Tigers
64%
Division I-AA Loyola (MD) Greyhounds
57%
Division I-AA Morgan State Bears
51%
Division I-AA Maryland Eastern Shore Hawks
47%
Division I-AA Mount St. Mary's Mountaineers
47%
Division III Johns Hopkins Blue Jays
43%
Division III Salisbury Sea Gulls
43%
Division I-AA Coppin State Eagles
40%
Division III St. Mary's (MD) Seahawks
36%
Division II Bowie State Bulldogs
34%
Division II Frostburg State Bobcats
32%
Division III McDaniel Green Terror
28%
Division III Hood Blazers
25%
Division III Stevenson Mustangs
23%
Division III Goucher Gophers
21%
Division III Notre Dame (MD) Gators
21%
Division III Washington College Shoremen
21%
No matching quizzes found
Score Distribution
Percent of People with Each Score
Percentile by Number Answered
Your Score History
You have not taken this quiz since the last reset